Author Picture Click Quiz Stats

 Plays Quiz Updated Jul 3, 2016

Score 0/24 Timer 07:00
3 Plays Today
% Correct
J. K. Rowling
89.4%
Edgar Allan Poe
86.2%
Agatha Christie
83.6%
Stephen King
81.6%
Maya Angelou
75.5%
George R. R. Martin
75.1%
Ernest Hemingway
74%
Oscar Wilde
69.9%
Salman Rushdie
68.4%
John Green
65.9%
J. R. R. Tolkien
64.9%
Rudyard Kipling
60.8%
% Correct
Zora Neale Hurston
58.1%
George Orwell
57.2%
Jack Kerouac
57.2%
J. D. Salinger
55.8%
James Joyce
55.5%
Zadie Smith
53.6%
John Steinbeck
51.8%
S. E. Hinton
51.7%
Dorothy Parker
48%
Umberto Eco
42.9%
Pablo Neruda
39.2%
Vladimir Nabokov
36.7%

You're not logged in!

Compare scores with friends on all Sporcle quizzes.
Join for Free
OR
Log In

You Might Also Like...

Show Comments

Extras

Top Quizzes Today


Score Distribution

Your Account Isn't Verified!

In order to create a playlist on Sporcle, you need to verify the email address you used during registration. Go to your Sporcle Settings to finish the process.

Report this User

Report this user for behavior that violates our Community Guidelines.

Details: